000 00237nam a2200109Ia 4500
008 230320s9999||||xx |||||||||||||| ||spa||
082 _a185/A71G
100 _aAristóteles
245 0 _aGran Ética
260 _bAguilar
942 _80
_cLIB
999 _c26137
_d26137